[Event "RUS Rapid GP Serpukhov"]
[Site "Serpukhov RUS"]
[Date "2018.02.24"]
[Round "8.8"]
[White "Kharchenko, Boris"]
[Black "Goganov, Aleksey"]
[Result "0-1"]
[WhiteTitle "GM"]
[BlackTitle "GM"]
[WhiteElo "2464"]
[BlackElo "2564"]
[WhiteFideId "14113210"]
[BlackFideId "24109959"]
[EventDate "2018.02.23"]

1. e4 e5 2. Nf3 Nc6 3. Bc4 Bc5 4. d3 Nf6 5. O-O d6 6. c3 a6 7. Nbd2 O-O 8. b4
Ba7 9. Re1 Ng4 10. Re2 Kh8 11. h3 Nh6 12. Nf1 f5 13. exf5 Nxf5 14. Bg5 Qe8 15.
d4 Qg6 16. dxe5 Nxe5 17. Nxe5 dxe5 18. Be3 Nxe3 19. Rxe3 Bxe3 20. Nxe3 Bxh3 21.
Qd5 c6 22. Qxe5 Rae8 23. Qh2 Be6 24. Bf1 Qf6 0-1

[Event "RUS Rapid GP Serpukhov"]
[Site "Serpukhov RUS"]
[Date "2018.02.24"]
[Round "8.9"]
[White "Nozdrachev, Vladislav"]
[Black "Fakhrutdinov, Timur"]
[Result "1-0"]
[WhiteTitle "IM"]
[BlackTitle "FM"]
[WhiteElo "2485"]
[BlackElo "2429"]
[WhiteFideId "24113441"]
[BlackFideId "24176702"]
[EventDate "2018.02.23"]

1. e4 e5 2. Nf3 Nc6 3. Bc4 Bc5 4. d3 Nf6 5. O-O a6 6. a4 d6 7. c3 Ba7 8. Be3
Bxe3 9. fxe3 O-O 10. Nbd2 Ne7 11. Nh4 Ng6 12. Nf5 c6 13. Qf3 d5 14. Ba2 Be6 15.
exd5 cxd5 16. d4 e4 17. Qg3 b5 18. axb5 axb5 19. Nb3 Bxf5 20. Rxf5 Qc8 21. Rff1
Ra7 22. Bb1 Rxa1 23. Nxa1 Qc4 24. Qe1 Ra8 25. Nc2 h5 26. Nb4 h4 27. Bc2 Qc7 28.
h3 Qd7 29. Qf2 Rd8 30. Ra1 Nh5 31. Bb3 Qb7 32. Qf5 Ng3 33. Bxd5 Nxf5 34. Bxb7
Nxe3 35. Bxe4 Nf4 36. Ra5 Nc4 37. Rxb5 Nd6 38. Re5 f6 39. Bd5+ Kf8 40. Re1 Nxd5
41. Nxd5 Nc4 42. Nf4 Kf7 43. b4 Ra8 44. Kf2 Ra3 45. Nd5 Nd6 46. Ke3 Ke6 47. Nb6
Kf5 48. Kd3 Nb5 49. Nd5 Ra2 50. Kc4 Nd6+ 51. Kc5 Ne4+ 52. Kc6 Ra6+ 53. Kb7 Rd6
54. c4 Nd2 55. Ne3+ Kf4 56. d5 Nxc4 57. Nxc4 Rxd5 58. Kc6 Rd3 59. b5 1-0

[Event "RUS Rapid GP Serpukhov"]
[Site "Serpukhov RUS"]
[Date "2018.02.24"]
[Round "8.10"]
[White "Solozhenkin, Evgeniy"]
[Black "Hasangatin, Ramil"]
[Result "1/2-1/2"]
[WhiteTitle "GM"]
[BlackTitle "GM"]
[WhiteElo "2433"]
[BlackElo "2502"]
[WhiteFideId "4102266"]
[BlackFideId "4122160"]
[EventDate "2018.02.23"]

1. e4 d5 2. exd5 Qxd5 3. Nc3 Qd6 4. d4 Nf6 5. Nf3 c6 6. Ne5 Be6 7. Bf4 Qd8 8.
Qd2 g6 9. Be2 Bg7 10. O-O Nbd7 11. Rad1 O-O 12. Rfe1 Re8 13. h3 Nd5 14. Nxd5
cxd5 15. Bb5 Nxe5 16. Bxe5 Bd7 17. Bxg7 Kxg7 18. Be2 Qb6 19. c3 Qd6 20. f4 b5
21. Bf3 Rab8 22. Re5 e6 23. a3 a5 24. h4 f6 25. Re2 b4 26. axb4 axb4 27. h5 bxc3
28. bxc3 Rb6 29. Bg4 Reb8 30. Qe3 Rb1 31. Rde1 R8b6 32. h6+ Kf7 33. Rxb1 Rxb1+
34. Kf2 Rb6 35. Ra2 Ra6 36. Rxa6 Qxa6 37. Be2 Bb5 38. Bg4 Qa2+ 39. Kg3 Bd7 40.
Bf3 Qc2 41. Bg4 Qb2 42. Kh2 Qa3 43. Bf3 Qf8 44. f5 Qd6+ 45. g3 gxf5 46. Bh5+ Ke7
47. Qf4 Qxf4 48. gxf4 Be8 49. Be2 Kd6 50. Kg3 Kc6 51. Kf2 Kb6 52. Ke3 Ka5 53.
Kd2 Kb6 54. Ke3 Kc6 55. c4 dxc4 56. Bxc4 Kd6 57. Bb3 Bh5 58. Ba4 Ke7 59. Bb3 Bf7
60. Bd1 Be8 61. Be2 Kd6 62. Bd1 Bg6 63. Bf3 Be8 64. Bd1 Ke7 65. Be2 Bc6 66. Bd1
Be8 1/2-1/2

[Event "RUS Rapid GP Serpukhov"]
[Site "Serpukhov RUS"]
[Date "2018.02.24"]
[Round "8.11"]
[White "Evdokimov, Alexander A."]
[Black "Smirnov, Timofey"]
[Result "1/2-1/2"]
[WhiteTitle "GM"]
[BlackTitle "FM"]
[WhiteElo "2502"]
[BlackElo "2324"]
[WhiteFideId "4139275"]
[BlackFideId "24176427"]
[EventDate "2018.02.23"]

1. Nf3 d5 2. c4 c6 3. e3 Nf6 4. Nc3 dxc4 5. Bxc4 e6 6. O-O Be7 7. d4 O-O 8. e4
Nbd7 9. Bg5 c5 10. e5 Nd5 11. Bxe7 Nxe7 12. Re1 cxd4 13. Nxd4 Ng6 14. Nf3 b6 15.
Bb5 a6 16. Bc6 Ra7 17. Rc1 Rc7 18. Be4 Nc5 19. Bxg6 hxg6 20. Ne4 Qxd1 21. Rexd1
Bb7 22. Nxc5 bxc5 23. Rd6 Rfc8 24. Nd2 Bd5 25. Rxa6 c4 26. Ra3 Rb7 27. Rc2 Rcb8
28. Nxc4 Bxc4 29. Rxc4 Rxb2 30. g3 Re2 31. Ra5 g5 32. Rc3 Rb1+ 33. Kg2 Rbb2 34.
Rf3 Rxa2 35. Rxa2 Rxa2 36. Re3 1/2-1/2

[Event "RUS Rapid GP Serpukhov"]
[Site "Serpukhov RUS"]
[Date "2018.02.24"]
[Round "8.12"]
[White "Frolyanov, Dmitry"]
[Black "Novikov, Aleksey"]
[Result "1-0"]
[WhiteTitle "GM"]
[WhiteElo "2567"]
[BlackElo "1869"]
[WhiteFideId "4151976"]
[BlackFideId "34106500"]
[EventDate "2018.02.23"]

1. e4 e5 2. Nf3 Nc6 3. Bb5 a6 4. Ba4 Nf6 5. O-O Be7 6. Re1 b5 7. Bb3 d6 8. c3
O-O 9. h3 Bb7 10. d4 Nd7 11. Nbd2 exd4 12. cxd4 Na5 13. Bc2 Bf6 14. Nf1 Re8 15.
Rb1 c5 16. d5 Nc4 17. N3h2 g6 18. b3 Ncb6 19. Bd2 c4 20. Bb4 Nc5 21. Ba5 cxb3
22. axb3 Bg7 23. Qd2 Ncd7 24. Nf3 Qf6 25. Ne3 h5 26. Rbc1 Rac8 27. Bd3 Qb2 28.
Qxb2 Bxb2 29. Rxc8 Rxc8 30. Nd1 Bf6 31. Bb4 Nc5 32. Bc2 Nbd7 33. Re2 Re8 34. Kf1
Rc8 35. Ne1 Ra8 36. Ba5 Kg7 37. Nd3 Nxd3 38. Bxd3 Rc8 39. Rc2 Nc5 40. Ke2 Nxb3
41. Rxc8 Bxc8 42. Bc7 Be5 43. Ke3 b4 44. Bc4 Nc1 45. f4 Bf6 46. Bxd6 b3 47. e5
Bd8 48. Kd2 Na2 49. Bxb3 Ba5+ 50. Ke3 Nb4 51. Kd4 Bb7 52. Ne3 Bb6+ 53. Bc5 Bxc5+
54. Kxc5 Nd3+ 55. Kb6 Bc8 56. Kc7 Bxh3 57. gxh3 g5 58. fxg5 Nxe5 59. d6 Kg6 60.
h4 1-0

[Event "RUS Rapid GP Serpukhov"]
[Site "Serpukhov RUS"]
[Date "2018.02.24"]
[Round "8.13"]
[White "Burger, Konstantin"]
[Black "Konenkin, Dmitry"]
[Result "1-0"]
[BlackTitle "FM"]
[WhiteElo "2138"]
[BlackElo "2263"]
[WhiteFideId "24118117"]
[BlackFideId "4185781"]
[EventDate "2018.02.23"]

1. e4 d6 2. d4 Nf6 3. Nc3 e5 4. Nf3 Nbd7 5. Bc4 Be7 6. O-O O-O 7. Re1 c6 8. a4
b6 9. h3 a6 10. Be3 Qc7 11. Qe2 Bb7 12. Ba2 b5 13. dxe5 dxe5 14. a5 b4 15. Na4
c5 16. Nb6 Nxb6 17. axb6 Qxb6 18. Nxe5 Qc7 19. Ng4 Nxe4 20. Nh6+ gxh6 21. Bxh6
Bf6 22. Qg4+ Kh8 23. Bxf8 Rxf8 24. Rxe4 Bxb2 25. Rae1 Bxe4 26. Qxe4 Bc3 27. Re3
Qd7 28. Bc4 Qd1+ 29. Kh2 Qd6+ 30. g3 f5 31. Qe7 Rd8 32. Qf7 Rf8 33. Re8 Rxe8 34.
Qxe8+ Kg7 35. Qf7+ Kh6 36. Qxf5 Bd4 37. Bd3 Qe7 38. h4 a5 39. Kh3 Kg7 40. Qxh7+
Kf8 41. Qh6+ Qg7 42. Qd6+ Qe7 43. Qb8+ Kg7 44. Bc4 Qd7+ 45. g4 Kf6 46. f4 Ke7
47. h5 Qc6 48. Kg3 Qe4 49. Qc7+ Ke8 50. Qc8+ Ke7 51. Qc7+ Ke8 52. Bb5+ Kf8 53.
Qd6+ Kf7 54. Qd7+ Kf8 55. Qd8+ Kg7 56. Qd7+ Kf8 57. Qd6+ Kf7 58. Bc4+ Ke8 59.
Qe6+ Qxe6 60. Bxe6 a4 61. Bc4 b3 62. cxb3 a3 63. b4 cxb4 64. g5 Ke7 65. Kg4 Kf8
66. h6 Be3 67. Kf5 Ke7 68. Ke5 Bd2 69. Kf5 Bc1 70. Kg4 Bd2 71. f5 Kd6 72. f6 Kc5
73. Bf7 Kd4 74. h7 Kc3 75. h8=Q b3 76. Qc8+ Kb2 77. Qc4 Be3 1-0

[Event "RUS Rapid GP Serpukhov"]
[Site "Serpukhov RUS"]
[Date "2018.02.24"]
[Round "8.14"]
[White "Novikov, Konstantin"]
[Black "Arkhipenko, Daniil"]
[Result "1/2-1/2"]
[WhiteElo "2255"]
[BlackElo "2143"]
[WhiteFideId "24163554"]
[BlackFideId "4191366"]
[EventDate "2018.02.23"]

1. e4 e6 2. d4 d5 3. e5 c5 4. c3 Bd7 5. Nf3 Qb6 6. a3 Bb5 7. b4 cxb4 8. Bxb5+
Qxb5 9. axb4 Ne7 10. Qe2 Qd7 11. Nbd2 Nc8 12. O-O Be7 13. Nb3 b6 14. Be3 O-O 15.
Nfd2 a6 16. f4 Ra7 17. g4 Rc7 18. Rac1 Na7 19. f5 Rfc8 20. f6 Bf8 21. fxg7 Bxg7
22. Qd3 Qb5 23. Qxb5 Nxb5 24. Nb1 Nxc3 25. Nxc3 Rxc3 26. Kf2 Rxc1 27. Nxc1 Rc2+
28. Kf3 Nc6 29. Nd3 Bf8 30. Ra1 a5 31. bxa5 Nxa5 32. h4 Rc4 33. Kf2 Be7 34. h5
Kf8 35. Rb1 Rc6 36. Nb4 Rc8 37. Nd3 Nc4 38. Bh6+ Ke8 39. Ra1 Na5 40. Rb1 Rc3 41.
Nf4 Rb3 42. Ra1 Kd7 43. g5 Bb4 44. Rd1 Rb2+ 45. Kf3 Nc6 46. Ne2 Ne7 47. Bf8 Rb3+
48. Kf2 Nf5 49. Bxb4 Rxb4 50. Ra1 Nxd4 51. Ra7+ Ke8 52. Ra8+ Ke7 53. Ra7+ Kf8
54. Ng3 Nf5 55. Nxf5 Rf4+ 56. Kg3 Rxf5 57. Kg4 Rxe5 58. Ra8+ Ke7 59. Ra7+ Ke8
60. Ra8+ Ke7 61. Ra7+ Ke8 62. Ra8+ 1/2-1/2

[Event "RUS Rapid GP Serpukhov"]
[Site "Serpukhov RUS"]
[Date "2018.02.24"]
[Round "8.15"]
[White "Moskvin, Anatoly"]
[Black "Vul, Arkadi Eremeevich"]
[Result "0-1"]
[BlackTitle "GM"]
[WhiteElo "2088"]
[BlackElo "2225"]
[WhiteFideId "24199990"]
[BlackFideId "4104307"]
[EventDate "2018.02.23"]

1. e4 e5 2. Nf3 Nc6 3. Bc4 Nf6 4. d3 Be7 5. c3 d6 6. Nbd2 O-O 7. Bb3 h6 8. Nf1
Nh7 9. h3 Ng5 10. Ng3 Nxf3+ 11. Qxf3 Bg5 12. Be3 Bxe3 13. fxe3 Be6 14. Nf5 Bxb3
15. axb3 Kh7 16. Qh5 Ne7 17. O-O Ng8 18. Qf3 g6 19. Ng3 Kg7 20. b4 a6 21. Rf2
Qg5 22. Kh2 Ne7 23. b5 a5 24. b3 b6 25. Rfa2 Rac8 26. d4 exd4 27. exd4 Qxb5 28.
Rf2 f5 29. Raf1 Qxb3 30. exf5 Nxf5 31. Qe4 Rce8 32. Nxf5+ gxf5 33. Qc6 Re7 34.
Rxf5 Rxf5 35. Rxf5 Qe6 36. Rf3 d5 37. Rg3+ Kh7 38. Qa8 Re8 39. Qb7 Qd6 0-1

[Event "RUS Rapid GP Serpukhov"]
[Site "Serpukhov RUS"]
[Date "2018.02.24"]
[Round "8.16"]
[White "Popov, Ivan RUS"]
[Black "Perov, German"]
[Result "1-0"]
[WhiteTitle "GM"]
[WhiteElo "2608"]
[BlackElo "2069"]
[WhiteFideId "4170350"]
[BlackFideId "44111410"]
[EventDate "2018.02.23"]

1. e4 e6 2. d4 d5 3. Nd2 c5 4. Ngf3 cxd4 5. Nxd4 Nf6 6. exd5 Qxd5 7. Nb5 Na6 8.
Nc3 Qd8 9. a3 Be7 10. Qf3 Nc7 11. Bd3 O-O 12. O-O Ncd5 13. Nce4 Bd7 14. c4 Nc7
15. Nxf6+ Bxf6 16. Qxb7 Rb8 17. Qe4 g6 18. Rb1 e5 19. Qe2 Ne6 20. Ne4 Bg7 21. f3
f5 22. Nc3 e4 23. fxe4 f4 24. Nd5 Nd4 25. Qf2 g5 26. b4 f3 27. Be3 Bg4 28. Bxd4
fxg2 29. Qe3 gxf1=Q+ 30. Rxf1 Rxf1+ 31. Bxf1 Rb7 32. e5 Rd7 33. e6 Bxe6 34.
Qxe6+ 1-0

[Event "RUS Rapid GP Serpukhov"]
[Site "Serpukhov RUS"]
[Date "2018.02.24"]
[Round "8.17"]
[White "Zhuravlev, Stepan"]
[Black "Iljiushenok, Ilia"]
[Result "0-1"]
[BlackTitle "IM"]
[WhiteElo "2135"]
[BlackElo "2528"]
[WhiteFideId "34120197"]
[BlackFideId "24105074"]
[EventDate "2018.02.23"]

1. d4 Nf6 2. c4 g6 3. Nc3 Bg7 4. e4 d6 5. Be2 O-O 6. Bg5 Na6 7. f4 c6 8. Qd2 Nc7
9. Bh4 b5 10. cxb5 Nxb5 11. Nxb5 cxb5 12. Bf3 Bb7 13. Bxf6 exf6 14. Ne2 f5 15.
exf5 Bxf3 16. gxf3 Qh4+ 17. Kf1 Qh3+ 18. Kf2 Qxf5 19. h4 Rfe8 20. h5 Re7 21.
hxg6 hxg6 22. Ng3 Qd5 23. Rad1 Rae8 24. f5 Re3 25. Qxe3 Rxe3 26. Kxe3 Qxa2 27.
Rc1 Qa6 28. Rc7 Bxd4+ 29. Ke4 Bb6 30. Rc6 Qa4+ 31. Kd3 Qf4 32. Rc8+ Kg7 33. f6+
Qxf6 0-1

[Event "RUS Rapid GP Serpukhov"]
[Site "Serpukhov RUS"]
[Date "2018.02.24"]
[Round "8.18"]
[White "Sukhareva, Evgeniya"]
[Black "Girya, Olga"]
[Result "1-0"]
[BlackTitle "WGM"]
[WhiteElo "2224"]
[BlackElo "2482"]
[WhiteFideId "4167155"]
[BlackFideId "4195752"]
[EventDate "2018.02.23"]

1. d4 d5 2. Nf3 Nf6 3. c4 c6 4. cxd5 cxd5 5. Nc3 Nc6 6. Bf4 Bf5 7. Qb3 Na5 8.
Qa4+ Bd7 9. Qc2 e6 10. e3 Be7 11. Bd3 Nc6 12. a3 Nh5 13. O-O Rc8 14. Rac1 a6 15.
Be5 f6 16. Bf4 Nxf4 17. exf4 f5 18. Qd1 Bd6 19. g3 O-O 20. b4 b5 21. Re1 Qb6 22.
Bf1 Be7 23. Ne5 Nxe5 24. fxe5 a5 25. bxa5 Qxa5 26. Qb3 Bxa3 27. Rc2 b4 28. Ra1
Rb8 29. Raa2 Qa7 30. Bg2 Qxd4 31. Ne2 Qxe5 32. h4 Bb5 33. Nf4 Bc4 34. Rxc4 dxc4
35. Qxc4 Rfc8 36. Qa6 Rd8 37. Re2 Qd6 38. Qc4 Rdc8 39. Qb3 Rc3 40. Qa4 e5 41.
Kh2 h6 42. Nd5 Rd3 43. Qa7 Re8 44. Qa4 Rd8 45. Ne3 f4 46. Nf5 Qf6 47. Be4 fxg3+
48. fxg3 Rd2 49. Rxd2 Rxd2+ 50. Kh3 Rd8 51. Qa7 Kh8 52. Ne7 Qe6+ 53. Bf5 Qf7 54.
Ng6+ Kg8 55. Ne7+ Kf8 56. Ng6+ Kg8 57. Ne7+ Kf8 58. Ng6+ Kg8 1-0

[Event "RUS Rapid GP Serpukhov"]
[Site "Serpukhov RUS"]
[Date "2018.02.24"]
[Round "8.19"]
[White "Kabanova, Ekaterina"]
[Black "Bordovsky, Vladimir"]
[Result "0-1"]
[WhiteTitle "WFM"]
[WhiteElo "2202"]
[BlackElo "2326"]
[WhiteFideId "24112917"]
[BlackFideId "14118467"]
[EventDate "2018.02.23"]

1. c4 Nf6 2. Nc3 e6 3. Nf3 d5 4. e3 c6 5. a3 Nbd7 6. b4 Bd6 7. Bb2 O-O 8. Qc2
Re8 9. d4 a5 10. c5 Bb8 11. Be2 e5 12. dxe5 Nxe5 13. h3 Nxf3+ 14. gxf3 axb4 15.
axb4 Rxa1+ 16. Bxa1 d4 17. Nd1 dxe3 18. Nxe3 Nd5 19. Nxd5 Qxd5 20. Kf1 Bf5 21.
Qd1 Qe6 22. h4 Bh3+ 23. Ke1 Bg2 24. Rg1 Bxf3 25. Bxg7 Qxe2+ 26. Qxe2 Rxe2+ 27.
Kf1 Bh2 28. Rg5 h6 29. Bxh6+ Kh7 30. Rf5 Bg4 31. Rg5 Re4 32. Kg2 Kxh6 33. Kxh2
Be6 34. Rg8 Rxh4+ 35. Kg3 Rxb4 36. Rb8 Kg5 37. Kf3 Kf5 38. Ke3 Ke5 39. Rd8 Rb3+
40. Kd2 Rb5 0-1

[Event "RUS Rapid GP Serpukhov"]
[Site "Serpukhov RUS"]
[Date "2018.02.24"]
[Round "8.20"]
[White "Sakun, Volodymyr"]
[Black "Bespalov, Konstantin"]
[Result "1-0"]
[WhiteTitle "FM"]
[WhiteElo "2330"]
[BlackElo "2258"]
[WhiteFideId "14114062"]
[BlackFideId "4142438"]
[EventDate "2018.02.23"]

1. d4 e5 2. dxe5 d6 3. Nf3 Bg4 4. exd6 Bxd6 5. e4 Nc6 6. Bb5 Ne7 7. h3 Bh5 8.
O-O a6 9. Be2 Qd7 10. Nc3 O-O-O 11. Be3 Qe8 12. Nd2 Bxe2 13. Qxe2 f5 14. Nc4 Bb4
15. Rad1 Bxc3 16. bxc3 Rxd1 17. Rxd1 Qf7 18. Bc5 Re8 19. Ne3 Kb8 20. Bxe7 Rxe7
21. exf5 Qxa2 22. Qh5 a5 23. Qxh7 a4 24. Qh8+ Ka7 25. Qh4 b5 26. f6 gxf6 27.
Qxf6 Kb7 28. c4 Rxe3 29. cxb5 Re6 30. bxc6+ Rxc6 31. Qf5 Rxc2 32. Qb5+ Ka7 33.
Rd8 Qb3 34. Qa5+ Kb7 35. Qa8+ Kb6 36. Rb8+ Kc5 37. Qa7+ Kd5 38. Qa5+ c5 39. Rxb3
axb3 40. Qb5 Rc3 41. h4 Kd4 42. h5 Rc1+ 43. Kh2 c4 44. h6 Ra1 45. h7 Ra8 46. f4
Kd3 47. Qd5+ 1-0

[Event "RUS Rapid GP Serpukhov"]
[Site "Serpukhov RUS"]
[Date "2018.02.24"]
[Round "8.21"]
[White "Volovikov, Anton"]
[Black "Solozhenkina, Elizaveta"]
[Result "1-0"]
[WhiteTitle "FM"]
[BlackTitle "WIM"]
[WhiteElo "2271"]
[BlackElo "2202"]
[WhiteFideId "14120283"]
[BlackFideId "34106615"]
[EventDate "2018.02.23"]

1. e4 c5 2. Nc3 d6 3. f4 g6 4. Nf3 Bg7 5. Bb5+ Nd7 6. O-O a6 7. Bxd7+ Bxd7 8. d3
Nf6 9. Qe1 O-O 10. Qh4 e6 11. f5 exf5 12. Bg5 h6 13. Bxh6 Nh7 14. Qf4 Be6 15.
Rae1 Nf6 16. Bg5 Qd7 17. exf5 Bxf5 18. Bxf6 Bxf6 19. Nd5 Bd8 20. Qh6 Re8 21.
Rxe8+ Qxe8 22. Ng5 Bxg5 23. Qxg5 Qe6 24. Nc7 f6 25. Qg3 1-0

[Event "RUS Rapid GP Serpukhov"]
[Site "Serpukhov RUS"]
[Date "2018.02.24"]
[Round "8.22"]
[White "Kiseleva, Arina"]
[Black "Nozdrachev, Leonid"]
[Result "1-0"]
[WhiteTitle "WCM"]
[BlackTitle "FM"]
[WhiteElo "2067"]
[BlackElo "2410"]
[WhiteFideId "4164989"]
[BlackFideId "24113433"]
[EventDate "2018.02.23"]

1. d4 Nf6 2. Nf3 e6 3. e3 c5 4. b3 b6 5. Bb2 Bb7 6. Bd3 d6 7. Nbd2 Be7 8. O-O
O-O 9. c4 cxd4 10. Nxd4 a6 11. Rc1 Nbd7 12. Bb1 Re8 13. Qe2 Qb8 14. Rfd1 Bd8 15.
Nf1 Nf8 16. Ng3 Ng6 17. b4 Ne5 18. h3 Nc6 19. a3 Nxd4 20. Bxd4 a5 21. Nh5 Nxh5
22. Qxh5 1-0

[Event "RUS Rapid GP Serpukhov"]
[Site "Serpukhov RUS"]
[Date "2018.02.24"]
[Round "9.1"]
[White "Grachev, Boris"]
[Black "Kryakvin, Dmitry"]
[Result "1/2-1/2"]
[WhiteTitle "GM"]
[BlackTitle "GM"]
[WhiteElo "2653"]
[BlackElo "2567"]
[WhiteFideId "4129199"]
[BlackFideId "4153278"]
[EventDate "2018.02.23"]

1. d4 d5 2. Bf4 c5 3. e3 cxd4 4. exd4 Nc6 5. c3 Bf5 6. Nd2 e6 7. Qb3 Qd7 8. Ngf3
Nge7 9. h3 Ng6 10. Bh2 Bd6 11. Bxd6 Qxd6 12. g4 Be4 13. Nxe4 dxe4 14. Nd2 O-O
15. Nxe4 Qf4 16. Nd2 Rfd8 17. O-O-O Rac8 18. Kb1 e5 19. d5 Na5 20. Qc2 Rxd5 21.
Bg2 Rdd8 22. Qf5 Qxf5+ 23. gxf5 Nf4 24. Be4 Kf8 25. h4 Ke7 26. Nf3 1/2-1/2

[Event "RUS Rapid GP Serpukhov"]
[Site "Serpukhov RUS"]
[Date "2018.02.24"]
[Round "9.2"]
[White "Timofeev, Artyom"]
[Black "Ponkratov, Pavel"]
[Result "1/2-1/2"]
[WhiteTitle "GM"]
[BlackTitle "GM"]
[WhiteElo "2569"]
[BlackElo "2605"]
[WhiteFideId "4140419"]
[BlackFideId "4157800"]
[EventDate "2018.02.23"]

1. Nf3 c5 2. c4 Nc6 3. g3 g6 4. Bg2 Bg7 5. O-O e6 6. Nc3 Nge7 7. e3 Nf5 8. b3
O-O 9. Bb2 d5 10. cxd5 exd5 11. d4 cxd4 12. Nxd4 Nfxd4 13. exd4 Bxd4 14. Qd2 Be6
15. Rad1 Rc8 16. Nxd5 Bxd5 17. Bxd4 Bxg2 18. Kxg2 Qd5+ 19. Kg1 Rfd8 20. Bc3 Qf3
21. Qe3 Qxe3 22. fxe3 f5 23. Kf2 Kf7 24. Rxd8 Nxd8 25. Rc1 Ne6 26. Bb2 Rd8 27.
Ke2 a6 28. Rc4 Rd7 29. h4 h5 30. Be5 Rd5 31. Bf4 Nc5 32. b4 Ne4 33. Rc7+ Ke6 34.
Rxb7 Rd2+ 35. Kf1 Rxa2 36. b5 Kd5 37. b6 Kc6 38. Rb8 a5 39. Bc7 a4 40. Ra8 a3
41. Ke1 Ra1+ 42. Ke2 a2 43. Be5 Rh1 44. Bd4 Rh2+ 45. Ke1 Nd6 46. Ra5 Nb7 47. Ra7
Rg2 48. Kf1 Rh2 49. Ke1 Rg2 50. Kf1 Rc2 51. Ra8 Nc5 52. Bxc5 Rc1+ 53. Kf2 a1=Q
54. Rxa1 Rxa1 55. Bd4 Rb1 56. Kf3 Rf1+ 57. Ke2 Rb1 58. Kf3 Kd5 59. Kf4 Ke6 60.
Kg5 Kf7 61. Bc5 Rb5 62. Bd4 Rb4 63. Kh6 Rb3 64. Kg5 Rb1 65. Kh6 Rg1 66. Be5 Rb1
67. Bd4 1/2-1/2

[Event "RUS Rapid GP Serpukhov"]
[Site "Serpukhov RUS"]
[Date "2018.02.24"]
[Round "9.3"]
[White "Goganov, Aleksey"]
[Black "Alekseev, Evgeny"]
[Result "1/2-1/2"]
[WhiteTitle "GM"]
[BlackTitle "GM"]
[WhiteElo "2564"]
[BlackElo "2616"]
[WhiteFideId "24109959"]
[BlackFideId "4138147"]
[EventDate "2018.02.23"]

1. d4 e6 2. c4 b6 3. e4 Bb7 4. Bd3 Bb4+ 5. Kf1 Be7 6. Nc3 d6 7. Nf3 Nd7 8. g3
Bf6 9. h4 Ne7 10. Kg2 O-O 11. Bg5 c5 12. d5 Bxc3 13. bxc3 h6 14. Bf4 e5 15. Bc1
f5 16. exf5 Nxf5 17. g4 Ne7 18. g5 h5 19. Nd2 g6 20. Ne4 Qc7 21. a4 Rf7 22. Ng3
Raf8 23. Be3 Bc8 24. Qc2 Kg7 25. Bxg6 Nxg6 26. Nxh5+ Kh7 27. Nf6+ Nxf6 28. h5
Kg8 29. hxg6 Rg7 30. Rh4 Nh5 31. Rah1 Bf5 32. Rxh5 Bxg6 33. Rh8+ Kf7 34. Rxf8+
Kxf8 35. Rh8+ Kf7 36. Qd1 Qd7 37. Qf3+ Qf5 38. Qg3 Ke7 39. Rh4 Rf7 40. Kh2 Rf8
41. Rh6 Rf7 42. Qh4 Rf8 43. Qg3 Rf7 44. Qh4 Rf8 45. Qg3 Rf7 46. Qh4 Ke8 1/2-1/2

[Event "RUS Rapid GP Serpukhov"]
[Site "Serpukhov RUS"]
[Date "2018.02.24"]
[Round "9.4"]
[White "Kokarev, Dmitry"]
[Black "Nozdrachev, Vladislav"]
[Result "1-0"]
[WhiteTitle "GM"]
[BlackTitle "IM"]
[WhiteElo "2608"]
[BlackElo "2485"]
[WhiteFideId "4132181"]
[BlackFideId "24113441"]
[EventDate "2018.02.23"]

1. e4 e5 2. Nf3 Nc6 3. Bb5 Be7 4. Bxc6 dxc6 5. d3 Nf6 6. Nbd2 Nd7 7. Nc4 O-O 8.
a4 Bf6 9. b3 Qe7 10. Bb2 b5 11. Ne3 Bb7 12. h3 Qe6 13. O-O g6 14. Re1 c5 15. c4
c6 16. Qd2 Bg7 17. Ng4 h5 18. Ne3 Bh6 19. Qc3 b4 20. Qc2 f6 21. Qe2 Rad8 22. Nh4
Qf7 23. g4 Bg5 24. Nf3 hxg4 25. Nxg5 fxg5 26. Nxg4 Qf3 27. Qe3 Rf4 28. Rad1
Rxg4+ 29. hxg4 Qxg4+ 30. Qg3 Qf4 31. Bc1 Qxg3+ 32. fxg3 g4 33. Be3 Kf7 34. Rf1+
Ke6 35. Kg2 a5 36. Rf2 Nf6 37. Bg5 1-0

[Event "RUS Rapid GP Serpukhov"]
[Site "Serpukhov RUS"]
[Date "2018.02.24"]
[Round "9.5"]
[White "Krylov, Mikhail RUS"]
[Black "Rakhmanov, Aleksandr"]
[Result "0-1"]
[WhiteTitle "GM"]
[BlackTitle "GM"]
[WhiteElo "2476"]
[BlackElo "2655"]
[WhiteFideId "4151364"]
[BlackFideId "4173708"]
[EventDate "2018.02.23"]

1. c4 e6 2. g3 d5 3. Nf3 g6 4. Bg2 Bg7 5. O-O Ne7 6. d4 Nbc6 7. e3 O-O 8. Nc3 b6
9. cxd5 exd5 10. b3 a5 11. Ba3 Nb4 12. Qd2 Ba6 13. Rfd1 Re8 14. Rac1 Bf8 15. Ne5
f6 16. Nf3 c6 17. Ne1 Nf5 18. Bb2 Bh6 19. a3 Nxe3 20. axb4 Nxd1 21. Qxd1 axb4
22. Na4 Be2 23. Qc2 Bb5 24. Ra1 Re2 25. Qb1 Ra7 26. Nf3 Rae7 27. Bf1 R2e4 28.
Kg2 Kg7 29. Bd3 Bxd3 30. Qxd3 Ra7 31. Rd1 Re6 32. Bc1 Bxc1 33. Rxc1 Ra5 34. Qd2
Rb5 35. Nb2 Qe8 36. Nd3 Re2 37. Qf4 Qd7 38. Kf1 Re4 39. Qd2 Qd6 40. h4 c5 41.
dxc5 bxc5 42. Nf4 d4 43. Qd3 Qc6 44. Nd2 Re7 45. Kg1 Ra5 46. Qxd4 Re1+ 47. Rxe1
cxd4 48. Ne6+ Kh6 49. Nxd4 Qc3 50. N2f3 Ra1 51. Rxa1 Qxa1+ 52. Kg2 Qc3 53. g4
Kg7 54. g5 Kf7 55. Kg3 Qc7+ 56. Kg2 f5 57. Nd2 Qf4 58. N4f3 Ke6 59. Kf1 Qg4 60.
Ke2 Qg2 61. Ke3 Kd5 62. Nc4 Qg4 63. Ncd2 f4+ 64. Kd3 Qf5+ 65. Ke2 Qc2 66. Ne1
Qc3 67. Nef3 Ke6 68. Kf1 Kf5 69. Kg1 Kg4 70. Kg2 Qc6 71. Kg1 Qxf3 72. Nxf3 Kxf3
73. Kf1 Kg4 74. Ke2 Kxh4 75. Kd3 Kxg5 76. Kc4 h5 77. Kxb4 h4 0-1

[Event "RUS Rapid GP Serpukhov"]
[Site "Serpukhov RUS"]
[Date "2018.02.24"]
[Round "9.6"]
[White "Bocharov, Dmitry"]
[Black "Volkov, Sergey"]
[Result "1-0"]
[WhiteTitle "GM"]
[BlackTitle "GM"]
[WhiteElo "2594"]
[BlackElo "2612"]
[WhiteFideId "4138716"]
[BlackFideId "4122763"]
[EventDate "2018.02.23"]

1. c4 c6 2. Nf3 d5 3. e3 Nf6 4. Nc3 a6 5. h3 e6 6. b3 Nbd7 7. Bb2 e5 8. d4 e4 9.
Nd2 Bd6 10. g4 h6 11. Bg2 Nf8 12. f3 exf3 13. Qxf3 Ng6 14. Qf2 O-O 15. O-O-O Be6
16. Kb1 Qc7 17. Rc1 dxc4 18. bxc4 c5 19. Nce4 Nxe4 20. Nxe4 f5 21. Nxd6 Qxd6 22.
Qc2 Nh4 23. Ka1 Rf7 24. d5 Bd7 25. gxf5 Bxf5 26. e4 Bh7 27. Rhg1 Qh2 28. Qe2
Raf8 29. Qg4 g5 30. Bh1 Rf2 31. Qe6+ R8f7 32. Qc8+ Rf8 33. Qxb7 R8f7 34. Qc8+
Rf8 35. Qe6+ R8f7 36. Rgf1 Bg6 37. Rxf2 Qxf2 38. Qe5 Kf8 39. Qb8+ Ke7 40. Qc7+
Ke8 41. Qc8+ Ke7 42. e5 Rf8 43. Qc7+ Ke8 44. d6 Rf5 1-0